| 000 -ლიდერი |
| ფიქსირებული სიგრძის საკონტროლო ველი |
01232nam a2200241Ia 4500 |
| 001 - საკონტროლო ნომერი |
| საკონტროლო ველი |
3884 |
| 003 - საკონტროლო ნომრის იდენტიფიკატორი |
| საკონტროლო ველი |
GE_BSU |
| 005 - ბოლო ოპერაციის თარიღი და დრო |
| საკონტროლო ველი |
20241007163505.0 |
| 008 - ფიქსირებული სიგრძის მონაცემთა ელემენტები - ზოგადი ინფორმაცია |
| ფიქსირებული სიგრძის საკონტროლო ველი |
181216s1956||||ge |||||||||||||| ||geo|| |
| 040 ## - კატალოგიზაციის წყარო |
| Transcribing agency |
GE_BSU |
| 041 ## - ენის კოდი |
| Language code of text/sound track or separate title |
geo |
| 080 ## - უნივერსალური ათობითი კლასიფიკაციის ინდექსი |
| Universal Decimal Classification number |
1(479.22)(091) ნ-99 |
| 100 ## - მთავარი ჩანაწერი - პიროვნების სახელი |
| Personal name |
ნუცუბიძე, შალვა |
| 9 (RLIN) |
3684 |
| 245 ## - ცნობა სათაურის შესახებ |
| Title |
ქართული ფილოსოფიის ისტორია : |
| Remainder of title |
ტ. 1 / |
| Statement of responsibility, etc |
რედ. შ. ხიდაშელი; საქ. სსრ მეცნ. აკად., ფილოსოფიის ინ-ტი. |
| 264 ## - წარმოების, გამოცემის, დისტრიბუციის და სხვა ცნობები |
| გამოცემის, წარმოების, დისტრიბუციის... ადგილი |
თბ. |
| გამოცემის, წარმოების, დისტრიბუციის... სახელწოდება |
აქ. სსრ მეცნ. აკად. გამ-ბა, |
| გამოცემის, წარმოების, დისტრიბუციის... თარიღი |
1956. |
| 300 ## - ფიზიკური აღწერა |
| Extent |
536 გვ. ; |
| Other physical details |
26 სმ. |
| 501 ## - შენიშვნა თანმხლებ მასალაზე |
| With note |
დანართი: "საძიებლები", გვ. 488-534. |
| 546 ## - LANGUAGE NOTE |
| Language note |
გაშლილი თავფ. რუს. ენაზე. |
| 653 ## - INDEX TERM--UNCONTROLLED |
| Uncontrolled term |
ქართული ფილოსოფიის ისტორია |
| 700 ## - ADDED ENTRY--PERSONAL NAME |
| Personal name |
ხიდაშელი, შ. |
| Relator term |
რედაქტორი |
| 9 (RLIN) |
3726 |
| 856 ## - ELECTRONIC LOCATION AND ACCESS |
| Uniform Resource Identifier |
https://dspace.nplg.gov.ge/bitstream/1234/435461/1/Qartuli_Filosofiis_Istoria_1956_Tomi_I.pdf |
| Link text |
ელექტრონული ვერსია |
| 942 ## - ADDED ENTRY ELEMENTS (KOHA) |
| Koha item type |
წიგნი |
| Source of classification or shelving scheme |
|